History Quiz

Random History or Word Play Quiz

Yoda Does History Quiz Stats

 Plays Quiz Updated Oct 19, 2016

Challenge
Share
Tweet
Embed
Score 0/20 Timer 06:00
0 Plays Today
Yoda's version Original Speaker % Correct
'Ask what your country can do for you not - - ask what, do for your country, you can.'John F. Kennedy
89.3%
'Say this again I will; Have sexual relations with that woman, Ms. Lewinsky, I did not.'Bill Clinton
86.7%
'Have a dream I do, that one day, exalted, every valley shall be.'Martin Luther King Jr
85.8%
'Mr. Gorbachev, this gate open, you must! Mr. Gorbachev, this wall tear down, you must!'Ronald Reagan
82.2%
'One small step for man that is, for mankind one giant leap. Yes, hmmm.'Neil Armstrong
82%
'I am a crook not. Earned everything I have got, I have.'Richard Nixon
79.5%
'Assert my firm belief, I will, that to fear, we have nothing, but fear. Yes, hmmm.'Franklin Roosevelt
79.3%
'Therefore brace to our duties, let us, and for years, bear ourselves, that if the British empire and its commonwealth last, still say, men will, their finest hour, 'this was.'Winston Churchill
72%
'This nation, under god, new birth of freedom, shall have - of the people and that government, by the people, for the people, perish from the earth shall not.'Abraham Lincoln
68.1%
'Always opposed an equal reaction, to every action there is. Yeesssssss.'Sir Isaac Newton
67.8%
Yoda's version Original Speaker % Correct
'They, blessed are, which do hunger and thirst after righteousness: for filled, they shall be.'Jesus Christ
58%
'A little rebellion, now and then, a good thing is. Yesss.'Thomas Jefferson
57.6%
'The course of others is unclear, but my course, I know. Liberty, give to me, or else death.'Patrick Henry
57.5%
'First article of my faith, nonviolence is. Last article of my faith, it is also. Yes, hmmm.'Mohandas Gandhi
54.9%
'The opium of the people, religion is. Yeesssssss.'Karl Marx
50.9%
'My fellow americans, over, our long national nightmare is. Herh herh herh.'Gerald Ford
27.6%
'Die? No. Old soldiers do not. Just fade away, do they. Yes.'Douglas MacArthur
26.4%
'Sick and sad, my heart is. From where the sun now stands, fight no more forever, will I. Yes, hmmm.'Chief Joseph
10.8%
'Better for me, I see clearly that to die and be released was; and therefore the oracle gave no sign.'Socrates
8.9%
'Anything about communism except fear of it you know not. Yes, hmmm.'Nikita Khrushchev
3.9%

You're not logged in!

Compare scores with friends on all Sporcle quizzes.
Join for Free
OR
Log In

You Might Also Like...

Show Comments

Extras

Top Quizzes Today


Score Distribution

Your Account Isn't Verified!

In order to create a playlist on Sporcle, you need to verify the email address you used during registration. Go to your Sporcle Settings to finish the process.

Report this User

Report this user for behavior that violates our Community Guidelines.

Details: